|
|
|
|
| LEADER |
00000cab a2200000 a 4500 |
| 001 |
031994 |
| 003 |
UAHC_CL |
| 005 |
20170803123430.0 |
| 008 |
040412b xx j 000 1 spa |
| 040 |
|
|
|a UAHC_CL
|c UAHC_CL
|d UAHC_CL
|
| 100 |
1 |
|
|a Castañares, Wenceslao
|
| 245 |
1 |
0 |
|a Signo y representación en las teorías semióticas /
|c Wenceslao Castañares.
|
| 300 |
|
|
|a pp. 57-72
|
| 500 |
|
|
|a Estudios de Psicología (España), 2002. Vol 23 (3). pp. 339-358
|
| 500 |
|
|
|a Estudios de Psicología (España), 2002. Vol 23 (3). pp. 339-358
|
| 520 |
|
|
|a Abordar de forma adecuada el problema de la representación en las teorías semióticas es una tarea difícil por dos razones fundamentales, la primera de ella es la inexistencia de una historia detallada de la semiótica; la segunda reside en la diversidad de sentidos que se han atribuido a los términos "signo" y "represtación". Para resolver ambos problemas hemos decidido realizar un examen retrospectivo de las diversas tradiciones con las que se vinculan las teorías de los autores a los que hay que considerar fundadores de la semiótica actual: C.S. Peirce y F. de Sausurre. Trataremos de demostrar que aunque la terminología parezca coincidente. La primera está más cercana a una teoría de la semiosis como representación. Mientras que la segunda podría definirse mejor como asociación. No obstante, concluiremos que ninguna de las dos es suficiente para describir las diferencias formas en que puede manifestarse la acción signos.
|
| 520 |
|
|
|a Abordar de forma adecuada el problema de la representación en las teorías semióticas es una tarea difícil por dos razones fundamentales, la primera de ella es la inexistencia de una historia detallada de la semiótica; la segunda reside en la diversidad de sentidos que se han atribuido a los términos "signo" y "represtación". Para resolver ambos problemas hemos decidido realizar un examen retrospectivo de las diversas tradiciones con las que se vinculan las teorías de los autores a los que hay que considerar fundadores de la semiótica actual: C.S. Peirce y F. de Sausurre. Trataremos de demostrar que aunque la terminología parezca coincidente. La primera está más cercana a una teoría de la semiosis como representación. Mientras que la segunda podría definirse mejor como asociación. No obstante, concluiremos que ninguna de las dos es suficiente para describir las diferencias formas en que puede manifestarse la acción signos.
|
| 759 |
|
|
|a PP066
|
| 773 |
0 |
|
|t Estudios de psicología.
|w 031866
|
| 900 |
|
|
|a ESTUD. PSICOL.-23(03)/02
|
| 942 |
|
|
|c REVA
|
| 952 |
|
|
|0 0
|1 0
|4 0
|6 ESTUD___PSICOL_2303_02_000000000000000
|7 0
|8 General
|9 62143
|a BC
|b BC
|c General
|d 2017-08-03
|l 0
|o ESTUD. PSICOL.-23(03)/02
|p FICTICIO2764
|r 2019-01-08 00:00:00
|t 1
|w 2017-08-03
|y REVA
|
| 999 |
|
|
|c 31994
|d 31994
|